|
|
|
|
| LEADER |
00978nam a2200313 4500 |
| 001 |
DLU100111733 |
| 005 |
##2010915 |
| 040 |
# |
# |
|a DLU
|b vie
|
| 041 |
# |
# |
|a vie
|
| 044 |
# |
# |
|a vn
|
| 082 |
# |
# |
|a 957.703 1
|b Han
|
| 245 |
# |
# |
|a Hà Nội với những tấm lòng gần xa /
|c Hoàng Thuý Toàn sưu tầm, tuyển chọn và giới thiệu.
|
| 260 |
# |
# |
|a H. :
|b Nxb. Hà Nội,
|c 2010.
|
| 300 |
# |
# |
|a 661 tr. ;
|c 24 cm.
|
| 505 |
# |
# |
|a Phần I. Giai đoạn trước 1945 -- Phần II. Giai đoạn kháng chiến chống Pháp - Mỹ 1946 - 1975 -- Phần III. Giai đoạn 1975 đến nay.
|
| 653 |
# |
# |
|a Hà Nội
|
| 653 |
# |
# |
|a Tài liệu địa chí
|
| 700 |
# |
# |
|a Hoàng Thuý Toàn,
|e sưu tầm, tuyển chọn và giới thiệu.
|
| 923 |
# |
# |
|a 07/2010
|
| 991 |
# |
# |
|a SH
|
| 992 |
# |
# |
|a 33000
|
| 994 |
# |
# |
|a DLU
|
| 900 |
# |
# |
|a True
|
| 911 |
# |
# |
|a Đào Thị Thu Huyền
|
| 925 |
# |
# |
|a G
|
| 926 |
# |
# |
|a A
|
| 927 |
# |
# |
|a SH
|
| 980 |
# |
# |
|a Thư viện Trường Đại học Đà Lạt
|